| 000 | 00362nam a2200133Ia 4500 | ||
|---|---|---|---|
| 005 | 20251223000718.0 | ||
| 008 | 251222s9999||||xx |||||||||||||| ||spa|| | ||
| 082 | _a658.049/B45 | ||
| 100 | _aBertoni, Gian Carlos | ||
| 245 | 0 | _aCome Impostare e Finanziare un Progetto Imprenditoriale all'estero | |
| 250 | _a1ra.ed. | ||
| 264 | _bRegione Lombardi | ||
| 942 | _cLIB | ||
| 999 |
_c41537 _d41537 |
||